Score 0/18 Timer 03:00
2 Plays Today
Movie Title Missing Word % Correct
_____ ActuallyLove
97.1%
The ____-Year-Old VirginForty
96.4%
Star Wars: Ep V - The Empire Strikes _____⚾Back
95%
____ Ventura: Pet DetectiveAce
94.5%
Zero Dark ______Thirty
92.3%
_____ Dead Gorgeous⚾Drop
92.2%
Vantage ______Point⚾
84.6%
Great ______ of FireBalls
84.5%
Cool _____ LukeHand⚾
84.2%
Movie Title Missing Word % Correct
_______ Bigalow: Male GigoloDeuce
79.4%
Sherlock Holmes: A _____ of Shadows⚾Game⚾
75.2%
______ Point⚾⚾⚾Match⚾⚾⚾
70.3%
_______ MinutesFifteen
65.9%
Slap _____Shot⚾
59.7%
____ It Off⚾⚾Set⚾⚾
56.2%
You Got _______Served
46.4%
The ______-Up⚾Break
46.2%
Tail _____Spin
40%

Today's Daily Dose

Missing Word
I Hardly Know Her!

Word Ladder
Sentence Ending

Quick Pick
Female Firsts

Get the Picture
Triathlon Sports

Remove Ads.
Support Sporcle.
Get the best of Sporcle when you Go Orange. This ad-free experience offers more features, more stats, and more fun while also helping to support Sporcle. Thank you for becoming a member.

You're not logged in!

Compare scores with friends on all Sporcle quizzes.
OR
Log In

Show Comments

Extras

Top Quizzes Today


Score Distribution

Your Account Isn't Verified!

In order to create a playlist on Sporcle, you need to verify the email address you used during registration. Go to your Sporcle Settings to finish the process.

Report this User

Report this user for behavior that violates our Community Guidelines.

Details: